000 00510nam a2200193 a 4500
001 1770730792548
003 YourLibrary
005 20260210191222.0
008 260210s2005##################000#0#eng##
020 _a9780335213887
082 0 4 _a306.461
_bSHE
100 1 _aSheaff, Mike,
_eauthor.
245 1 0 _aSociology And Health Care :
260 _bMcGraw-Hill Education (UK),
_c2005.
300 _a276 pages
650 0 _aSocial Science.
942 _cENGLISH
040 _aYourLibrary
_beng
_cYourLibrary
999 _c611561
_d611561